[Event "Balkaniad"]
[Site "Kavala"]
[Date "1990.??.??"]
[Round "5"]
[White "Radulov, Ivan"]
[Black "Skalkotas, Nikolaos"]
[Result "1/2-1/2"]
[WhiteElo "2400"]
[BlackElo "2325"]
[Annotator "Wahls,M"]
[PlyCount "123"]
[EventDate "1990.10.??"]
[EventType "team"]
[EventRounds "6"]
[EventCountry "GRE"]
[SourceTitle "CBM 021"]
[Source "ChessBase"]
[SourceDate "1991.04.01"]
[SourceVersion "1"]
[SourceVersionDate "1991.04.01"]
[SourceQuality "1"]

1. Nf3 Nf6 2. g3 b6 3. Bg2 Bb7 4. O-O e6 5. c4 c5 6. Nc3 d6 7. b3 a6 8. Bb2 Be7
9. d4 cxd4 10. Nxd4 Bxg2 11. Kxg2 Qc8 12. e3 Nc6 (12... Qb7+ 13. Qf3 Qxf3+ $10)
(12... Ra7 $5 13. f4 Rc7 {/\ b6-b5, 0-0, Nb8-c6}) 13. f4 O-O 14. Nxc6 Qxc6+ 15.
Qf3 Rfc8 16. Qxc6 Rxc6 17. Kf3 Rb8 18. Ne2 d5 {19...Kf8 /\ Ke8} 19. cxd5 Nxd5
20. Nd4 Rcc8 21. Rac1 Bc5 22. a3 b5 23. Rfd1 Bxd4 24. Bxd4 $14 f5 25. g4 fxg4+
26. Kxg4 Kf7 27. Kf3 a5 28. e4 Nf6 29. h3 a4 30. b4 Rxc1 31. Rxc1 Rb7 32. Rc6
Nd7 33. Ke3 Nb8 34. Rc8 Nd7 35. Bc5 e5 36. h4 g6 37. Kf3 Nb6 38. Bxb6 Rxb6 39.
Rc5 exf4 40. Kxf4 Ke6 41. e5 h6 42. Ke4 g5 43. hxg5 hxg5 44. Rc7 g4 45. Rg7 Rc6
46. Rg6+ Kd7 47. Rxg4 Rc3 48. Kd5 Rxa3 49. Rg7+ Kd8 50. Rb7 Rb3 51. Rxb5 a3 52.
Kd6 Rd3+ 53. Kc6 Rc3+ 54. Kb6 Rb3 55. Kc5 Rc3+ 56. Kd4 a2 57. Ra5 Rc2 58. Ra7
Re2 59. Kd5 Kc8 60. b5 Kb8 61. b6 Rd2+ 62. Ke6 1/2-1/2

[Event "Lvov zt"]
[Site "Lvov"]
[Date "1990.??.??"]
[Round "?"]
[White "Azmaiparashvili, Zurab"]
[Black "Lerner, Konstantin Z"]
[Result "1-0"]
[WhiteElo "2610"]
[BlackElo "2560"]
[Annotator "Wahls,M"]
[PlyCount "67"]
[EventDate "1990.02.??"]
[EventType "swiss"]
[EventRounds "9"]
[EventCountry "URS"]
[SourceTitle "CBM 018"]
[Source "ChessBase"]
[SourceDate "1990.10.01"]
[SourceVersion "1"]
[SourceVersionDate "1990.10.01"]
[SourceQuality "1"]

1. c4 Nf6 2. Nc3 e6 3. Nf3 b6 4. g3 Bb7 5. Bg2 c5 6. O-O a6 7. Re1 Be7 8. e4 d6
9. d4 cxd4 10. Nxd4 Qc7 11. b3 O-O 12. Bb2 Nbd7 13. Rc1 Rac8 14. Rc2 Rfe8 15.
Rd2 Qb8 16. f4 Bf8 17. Bf3 $5 {Ein für mich neues Motiv. Idee:18.e5 de5 19.
fe5 Lf3 (19...Se5 20.Lb7)20.Sf3.} Nc5 (17... e5 $5) 18. e5 dxe5 19. fxe5 Nfd7
20. Bxb7 Nxb7 21. Nxe6 $1 Nxe5 22. Nxf8 Kxf8 23. Kg2 Nc5 24. Nd5 $16 Ng6 25.
Rf1 Rcd8 26. Rdf2 Rd7 27. Nxb6 $1 Qb7+ (27... Qxb6 28. Qxd7 Nxd7 29. Rxf7+ Kg8
30. Rxg7+ Kh8 31. Rxg6+ $18) 28. Nd5 $18 Ne6 29. Qf3 Kg8 30. h4 h6 31. Kh2 Qb8
32. Qg4 h5 33. Qxh5 Nc7 34. Qg4 1-0

[Event "Lvov zt"]
[Site "Lvov"]
[Date "1990.??.??"]
[Round "?"]
[White "Kharitonov, Andrei Y"]
[Black "Yudasin, Leonid"]
[Result "1/2-1/2"]
[WhiteElo "2500"]
[BlackElo "2575"]
[Annotator "Wahls,M"]
[PlyCount "36"]
[EventDate "1990.02.??"]
[EventType "swiss"]
[EventRounds "9"]
[EventCountry "URS"]
[SourceTitle "CBM 018"]
[Source "ChessBase"]
[SourceDate "1990.10.01"]
[SourceVersion "1"]
[SourceVersionDate "1990.10.01"]
[SourceQuality "1"]

1. Nf3 c5 2. c4 Nf6 3. Nc3 e6 4. g3 b6 5. Bg2 Bb7 6. O-O d6 7. b3 a6 8. Bb2
Nbd7 9. d3 Be7 10. e4 O-O 11. Ne1 Rb8 12. f4 b5 $1 {Einer der beiden
prinzipiellen Pläne gegen den weißen Aufbau. Der andere wäre die umgehene
Überführung des Springers nach d4 via b8-c6.} 13. Nc2 (13. cxb5 $6 axb5 14.
Nxb5 Qb6 15. Nc3 (15. a4 Ba6) 15... c4+ 16. Kh1 cxb3 17. axb3 Ba8 $36 18. Ra3
$2 d5) 13... Ba8 14. Qe2 Ne8 15. Nd1 a5 (15... Bf6 $6 16. e5) 16. cxb5 Rxb5 17.
Nc3 Rb8 18. Rad1 Qb6 1/2-1/2

[Event "Bern zt"]
[Site "Bern"]
[Date "1990.??.??"]
[Round "13"]
[White "Lev, Ronen"]
[Black "Wahls, Matthias"]
[Result "0-1"]
[WhiteElo "2390"]
[BlackElo "2565"]
[Annotator "Wahls,M"]
[PlyCount "80"]
[EventDate "1990.01.??"]
[EventType "tourn"]
[EventRounds "15"]
[EventCountry "SUI"]
[EventCategory "9"]
[SourceTitle "CBM 017"]
[Source "ChessBase"]
[SourceDate "1990.08.01"]
[SourceVersion "1"]
[SourceVersionDate "1990.08.01"]
[SourceQuality "1"]

1. Nf3 Nf6 2. c4 c5 3. Nc3 e6 4. g3 b6 {Hedgehog} (4... d5 5. cxd5 exd5 (5...
Nxd5 {Semi-Tarrasch Variante}) 6. d4 {Tarrasch Variante}) 5. Bg2 Bb7 6. O-O d6
7. d4 (7. b3 {/\ 8.Bb2, 9.e3, 10.Qe2, 11.d4 /\ cxd4 12.exd4}) (7. Re1 {/\ 8.e4,
9.d4 cxd4 10.Nd4 Durch diese Zugfolge wird der Tausch der B(g2/b7) vermieden. /
\ f4, g2-g4-g5.}) 7... cxd4 (7... Be7 $2 8. d5 exd5 9. Nh4) 8. Qxd4 {(!)} (8.
Nxd4) 8... a6 9. b3 (9. Rd1 Be7 10. Ng5 Bxg2 11. Kxg2 Nc6 12. Qf4 Ra7 $1 13.
Nce4 Rd7 14. Nxf6+ Bxf6 15. Nxh7 $1 Rxh7 16. Qe4 Rh5 17. Qxc6 Rc5 $10 {
Ribli-Wahls/ Bundesliga/}) 9... Nbd7 (9... Be7 10. Ba3 {/\ 11.Rfd1 +/=/+/-})
10. Rd1 (10. Ba3 Nc5) 10... Be7 11. Ng5 $2 {Der Plan Ng5-e4 geschieht besser
ohne b2-b3.} (11. e4 Qc8 12. Bb2 O-O {= Karpov,An-Ribli,Z/}) (11. Bb2 {
Uhlmann-Variante} O-O 12. e4 Qc7 {=}) 11... Bxg2 12. Kxg2 O-O $1 (12... Rc8 13.
Nge4 Rc6 $14) 13. Nge4 Qc7 $10 (13... Ne8 $2 $16 {>< Rf8}) 14. Bg5 (14. Nxd6
Rad8 15. Nde4 (15. Bf4 e5 $19) (15. Qf4 e5 $19) 15... Nc5 $1 $19 16. Qe3 Rxd1
17. Nxf6+ Bxf6 18. Nxd1 Bxa1) (14. Bb2 Rfd8 15. f3 $2 {>= Nxf6, um Ne8 zu
verhindern} Ne8 $15 {Klinger,J-Wahls,M/Dortmund/1989/} 16. Qe3 $2 (16. Rab1 Qb7
17. a4 Nc5 18. Ba1) 16... Qb7 17. a4 Rac8 $2 (17... Nc5 18. Nd2 h6 $1 {/\ 18...
Bg5}) 18. Nd2 $2 (18. Rab1) 18... h6 $2 (18... Nc5) 19. Qe4 Qb8 20. f4 Bf6 21.
Qf3 Rc7 22. Rab1 Rdc8 23. Nde4 Be7 24. Ba1 Nc5 25. Nf2 Nd7 26. g4 $2 Nc5 (26...
Nf8 $17) 27. e3 Nd7 28. Rbc1 Nf8 29. h3 Ng6 30. Kh2 Nh4 31. Qg3 $2 (31. Qh1 $8)
31... Qb7 $19 32. Nfe4 b5 $1 33. axb5 axb5 34. cxb5 d5 35. Nd2 Nd6 36. b6 Qxb6
37. Na4 Qb5 38. Nc3 Rxc3 39. Bxc3 Qe2+ 40. Kg1 Rxc3 41. Qf2 Qxe3 42. Qxe3 Rxe3
{0-1}) 14... h6 $1 $15 {N} (14... Qc6 15. f3 Rfd8 16. Nxf6+ Bxf6 17. Bxf6 Nxf6
18. Rac1 Rac8 $10 {Olafsson-Gurevich/Akureyri/1988/0-1, 40/}) 15. Nxf6+ (15.
Bxf6 Nxf6 {Be7!}) (15. Be3 Ng4 16. Nxd6 $2 (16. Bc1 $2 f5 17. Nd2 (17. h3 fxe4
18. hxg4 d5 {/\ Bc5 -+, /\ Bf6 -+}) 17... d5 $17) 16... Nxe3+ 17. fxe3 (17.
Qxe3 $2 Bxd6 18. Qd3 Be5 $19) 17... Rad8 {/\ 18... Nc5 -+}) 15... Nxf6 16. Be3
(16. Bxf6 Bxf6 17. Qd3 b5 {-/+/-+}) 16... b5 $1 17. cxb5 axb5 18. Kg1 {/\ 19.
Nb5:} Rfb8 19. a4 (19. Rac1 $2 b4 20. Na4 (20. Nb5 $6 Qd8 21. Nxd6 Rxa2 $36)
20... Qb7 {-/+ ,>< <<, [+] /\ 21... Ne4, 21... Nd5, 22... Bf6}) (19. b4 $2 Nd7
{/\ 20...Bf6,/\ 20... Ne5, 21... Nc4}) 19... bxa4 (19... b4 $2 20. Nb5 $1) 20.
bxa4 Nd7 $1 (20... Qa5 21. Nb5 {/\ Bd2-b4}) (20... d5 $4 21. Bf4) 21. Nb5 (21.
Rab1 $2 Bf6 {/\ Qa5-/+}) 21... Qc2 (21... Qd8 22. Nxd6 Bf6 23. Qf4 Bxa1 24.
Qxf7+ Kh7 25. Rxa1 $16 Nf8 $2 26. Bd4 Qg5 27. Ne4) 22. Rac1 $2 (22. Rd2 $2 Qc6
{/\ Bf6, /\ Nc5-b3}) (22. Nxd6 Bf6 23. Qf4 Qxe2 (23... Bxa1 24. Qxf7+ Kh7 25.
Rxa1 $40) 24. Nxf7 (24. Rab1 Ne5 {>< f3, >< d3, >< a4}) 24... Bxa1 25. Rxd7 (
25. Rxa1 Rf8 $19) 25... Rb1+ 26. Kg2 Qf1+ 27. Kf3 Qh1+ 28. Kg4 h5+ 29. Kg5 (29.
Kh3 Qf1+ 30. Kh4 Bf6+) 29... Rd1 30. Nd6 Rd5+ 31. Kg6 Qb1+ $19) (22. Qd3 $8
Qxd3 23. exd3 (23. Rxd3 $4 Rxb5) 23... Bf6 24. d4 (24. Rab1 d5 $17) (24. Nd4
Rb4 $19) (24. Bd4 Bxd4 25. Nxd4 Rb4 26. Nb5 d5 27. Nc3 d4 $19) 24... Nb6 (24...
d5 25. Bf4 $132) 25. Nxd6 Nxa4 26. Ne4 Bd8 27. d5 f5 28. Nc5 Nc3 29. Rxa8 Rxa8
30. Rd3 Nxd5 31. Nxe6 $10) 22... Qxe2 (22... Qxa4 23. Qxa4 Rxa4 24. Nxd6 $10)
23. Nxd6 {>=} (23. Rc7 $2 Ne5) (23. Rd2 Qh5) 23... Nf6 24. Nb5 $8 (24. Ne4 Rd8
25. Nc3 Rxd4 26. Nxe2 Rdxa4 $19) (24. Rd2 Qa6) 24... Rd8 25. Qa1 Rxd1+ 26. Rxd1
Qc2 (26... Qc4 27. Na7 (27. Rd4 Qxb5) (27. Nc3 Ne4 28. Nxe4 Rxa4) 27... Qa6 28.
Qd4 Nd5) 27. Na7 (27. Rc1 Rxa4) 27... Ng4 $1 28. Rc1 (28. Bd4 $2 Bc5 $1 29. Rc1
(29. Nb5 Nxf2) 29... Bxd4) 28... Qf5 29. Nc6 (29. Rc8+ $2 Rxc8 30. Nxc8 Bc5 $1)
(29. Bd4 $6 Qh5 30. h4 g5 31. Rc8+ Rxc8 32. Nxc8 Bf8 33. a5 (33. hxg5 e5 $19)
33... gxh4 34. a6 hxg3 35. fxg3 Qh2+ 36. Kf1 e5 37. a7 exd4 38. Ne7+ Kh7 39.
Qxd4 (39. Qb1+ Kh8 $19) 39... Qh1+ 40. Ke2 Qg2+ 41. Kd1 Bxe7 $19) 29... Bf6 30.
Bd4 e5 31. Bb6 e4 32. Qa2 (32. Bd4 e3 33. f4 Qe4 $1 34. Bxf6 Nf2 $1 35. Ne7+
Kf8 36. Bxg7+ Ke8 37. Kf1 Qf3 $19 {/\ 38... Nh3 39.Ke1 Qf2+ 40.Kd1 Qd2#}) 32...
e3 $1 (32... Qh5 33. h4 g5 34. Qc2 $1 (34. Rc5 e3 35. fxe3 Nxe3 {/\ Qd1+}) (34.
Qd5 Rxa4) 34... gxh4 35. Qxe4 {/\ Ne7+}) 33. fxe3 (33. f4 Qe4) (33. Bxe3 Qh5
34. h4 Nxe3 35. fxe3 Qg4) 33... Rxa4 34. Qc2 {(!)} (34. Qe2 $6 Qe6 {/\ 35...
Ra2 36.Rc2 Ra1+ 37.Kg2 Qe4+ 38.Kh3 Rh1 -+}) 34... Qh5 {/\ 35... Rc4} (34... Qf3
$6 35. Rf1 Nxe3 $2 36. Ne7+ Bxe7 37. Qc8+ $10) 35. Qe2 Re4 36. Rc2 (36. Rf1 Re6
) (36. Rc5 Rxe3 37. Rxh5 Rxe2 38. h3 Re6 $1) 36... Bg5 37. Rc3 Qg6 38. Bd4 (38.
h3 Qd6 $1) 38... Qe6 39. h3 Nxe3 40. Bxe3 Bxe3+ (40... Bxe3+ 41. Kg2 Bd4 $19)
0-1

[Event "Stara Zagora zt-B"]
[Site "Stara Zagora"]
[Date "1990.??.??"]
[Round "4"]
[White "Wojtkiewicz, Aleksander"]
[Black "Ionescu, Constantin"]
[Result "1/2-1/2"]
[WhiteElo "2550"]
[BlackElo "2455"]
[Annotator "Wahls,M"]
[PlyCount "70"]
[EventDate "1990.02.??"]
[EventType "tourn"]
[EventRounds "13"]
[EventCountry "BUL"]
[EventCategory "10"]
[SourceTitle "CBM 017"]
[Source "ChessBase"]
[SourceDate "1990.08.01"]
[SourceVersion "1"]
[SourceVersionDate "1990.08.01"]
[SourceQuality "1"]

1. Nf3 Nf6 2. c4 c5 3. g3 b6 4. Bg2 Bb7 5. Nc3 e6 6. O-O a6 7. d4 cxd4 8. Qxd4
d6 9. Rd1 Be7 10. Bg5 Nbd7 11. Qd2 Qc8 {Trotz der Punkteteilung konnte Schwarz
klaren Nachteil nicht vermeiden.} (11... O-O $5 12. Bf4 Ne8) 12. Bf4 Nc5 13.
Qe3 Qc7 14. b4 Ncd7 15. Qd2 e5 16. Bg5 O-O 17. Rac1 Rab8 18. Qb2 h6 19. Bxf6
Nxf6 20. Nh4 Rfc8 21. Bxb7 Qxb7 22. Qb3 Qd7 23. Ng2 Qe6 24. Ne3 b5 25. Ncd5 Ne8
26. a4 bxc4 27. Rxc4 Bg5 28. Rxc8 Qxc8 29. Nc4 Kf8 30. b5 axb5 31. axb5 Qc5 32.
b6 Bd8 33. e4 g6 34. h4 Ng7 35. Nde3 Bxb6 1/2-1/2

[Event "Stara Zagora zt-B"]
[Site "Stara Zagora"]
[Date "1990.??.??"]
[Round "5"]
[White "Schneider, Attila"]
[Black "Wojtkiewicz, Aleksander"]
[Result "0-1"]
[WhiteElo "2425"]
[BlackElo "2550"]
[Annotator "Wahls,M"]
[PlyCount "84"]
[EventDate "1990.02.??"]
[EventType "tourn"]
[EventRounds "13"]
[EventCountry "BUL"]
[EventCategory "10"]
[SourceTitle "CBM 017"]
[Source "ChessBase"]
[SourceDate "1990.08.01"]
[SourceVersion "1"]
[SourceVersionDate "1990.08.01"]
[SourceQuality "1"]

1. Nf3 c5 2. c4 Nf6 3. g3 b6 4. Bg2 Bb7 5. O-O e6 6. Nc3 a6 7. b3 d6 8. d4 cxd4
9. Qxd4 Nbd7 10. Rd1 Be7 11. e4 Qc8 $5 (11... O-O $2 12. Ba3 Nc5 13. e5 dxe5
14. Qxd8 Rfxd8 15. Nxe5 Bxg2 16. Kxg2 $16 {Gheorghiu,F-Mascarinas,R/Grand-Prix
Suisse/1990/1-0/ -> CBM 17}) 12. Ba3 $2 Nc5 13. e5 $2 Bxf3 $1 $17 14. Bxf3 dxe5
15. Qe3 Rb8 16. Na4 Nxa4 17. Bxe7 Kxe7 18. Qxe5 Qc5 19. Qe1 Nb2 $1 $19 20. Rd2
Nxc4 21. bxc4 Rhd8 22. Rad1 Rd7 23. Rxd7+ Nxd7 24. Qd2 Qc7 25. Qc3 g6 26. Kg2
Rd8 27. Qe3 h5 28. h3 Qc5 29. Qd2 a5 30. Qd3 Qc7 31. Qe3 Nf6 32. Rb1 Rd6 33.
Qa3 Nd7 34. Qc1 Qc5 35. Rb5 Qd4 36. a4 Nc5 37. Qg5+ Ke8 38. Rb1 Qxc4 39. Qe5
Qd4 40. Bc6+ Ke7 41. Qxd4 Rxd4 42. Ra1 h4 0-1

[Event "Prestwich"]
[Site "Prestwich"]
[Date "1990.??.??"]
[Round "5"]
[White "Badea, Bela"]
[Black "Galliamova, Alisa"]
[Result "1-0"]
[WhiteElo "2495"]
[BlackElo "2365"]
[Annotator "Wahls,M"]
[PlyCount "61"]
[EventDate "1990.??.??"]
[EventType "tourn"]
[EventRounds "9"]
[EventCountry "ENG"]
[SourceTitle "CBM 018"]
[Source "ChessBase"]
[SourceDate "1990.10.01"]
[SourceVersion "1"]
[SourceVersionDate "1990.10.01"]
[SourceQuality "1"]

1. c4 Nf6 2. Nc3 c5 3. Nf3 e6 4. g3 b6 5. Bg2 Bb7 6. d4 cxd4 7. Qxd4 Be7 8. O-O
d6 9. Rd1 a6 10. Bg5 Nbd7 11. Qd2 Rc8 $2 (11... O-O 12. Bf4 Ne8 $10) 12. Bf4 e5
13. Bg5 Bxf3 (13... Rxc4 $2 14. Nxe5 $18) 14. exf3 $1 Rxc4 15. Qe2 b5 16. a4
O-O 17. axb5 axb5 18. Nxb5 $16 Nb6 19. Bxf6 gxf6 20. f4 Kh8 21. Qh5 d5 22. fxe5
fxe5 23. Qxe5+ Bf6 24. Qh5 Bxb2 25. Ra7 Qf6 26. Bh3 Rc5 27. Bf5 h6 28. Bd3 Nc8
29. Ra4 Qg5 30. Qe2 Nb6 31. Qxb2+ 1-0

[Event "Altensteig"]
[Site "Altensteig"]
[Date "1990.??.??"]
[Round "5"]
[White "Smejkal, Jan"]
[Black "Rajkovic, Dusan"]
[Result "1/2-1/2"]
[WhiteElo "2545"]
[BlackElo "2485"]
[Annotator "Wahls,M"]
[PlyCount "151"]
[EventDate "1990.07.??"]
[EventType "tourn"]
[EventRounds "11"]
[EventCountry "GER"]
[EventCategory "9"]
[SourceTitle "CBM 020"]
[Source "ChessBase"]
[SourceDate "1991.02.01"]
[SourceVersion "1"]
[SourceVersionDate "1991.02.01"]
[SourceQuality "1"]

1. Nf3 Nf6 2. c4 b6 3. Nc3 e6 4. g3 c5 5. Bg2 Bb7 6. O-O d6 7. d4 cxd4 8. Qxd4
a6 9. Rd1 Nbd7 10. Ng5 Bxg2 11. Kxg2 Rc8 12. Nge4 Rc6 13. b3 Be7 14. Ba3 Qa8
15. Kg1 Nc5 16. Nxc5 bxc5 (16... dxc5 $5) 17. Qf4 O-O 18. Rd2 $14 h6 (18... Rb8
19. Rad1 Ne8 {Idee Lf6,Lc3,a5,a4}) 19. Rad1 Ne8 20. Qf3 Qc8 21. e3 f5 22. Bb2
Rb6 23. Qg2 Bf6 24. e4 Bxc3 25. Bxc3 e5 26. exf5 Qxf5 27. Re1 Qf3 28. Re3 Qxg2+
29. Kxg2 Nf6 30. f3 Kf7 31. Red3 Ke6 32. Re2 Kf7 33. Rd1 Ra8 34. Ba5 Rc6 35.
Rf1 Nh5 36. f4 exf4 37. g4 Nf6 38. Rxf4 Re8 39. Rxe8 Kxe8 40. Bc3 Ke7 41. Kf3
Ne8 42. h4 Rc7 43. Ke4 Ke6 44. Rf8 Ke7 45. Rf5 Ke6 46. g5 hxg5 47. hxg5 Rc8 48.
Kf4 Rc7 49. Ke4 Rc8 50. Rf2 Rd8 51. Kf4 d5 52. Re2+ Kf7 53. cxd5 Nc7 54. g6+
Kxg6 55. Rg2+ Kh5 56. Rg5+ Kh4 57. Be1+ Kh3 58. Rxg7 Rf8+ 59. Ke5 Re8+ 60. Kd6
Nb5+ 61. Kxc5 Rxe1 62. a4 Rc1+ 63. Kb6 Nd4 64. Rc7 Rb1 65. Rc3+ Kg2 66. Kxa6
Ne2 67. Rc2 Kf3 68. d6 Rd1 69. Rc6 Nd4 70. Rc3+ Ke4 71. b4 Nf5 72. b5 Nxd6 73.
b6 Kd5 74. a5 Ra1 75. Rc7 Ra2 76. b7 1/2-1/2

[Event "SUI Grand Prix"]
[Site "Suhr"]
[Date "1990.??.??"]
[Round "4"]
[White "Gheorghiu, Florin"]
[Black "Mascarinas, Rico"]
[Result "1-0"]
[WhiteElo "2470"]
[BlackElo "2470"]
[Annotator "Wahls,M"]
[PlyCount "63"]
[EventDate "1990.??.??"]
[EventType "tourn"]
[EventRounds "9"]
[EventCountry "SUI"]
[EventCategory "9"]
[SourceTitle "CBM 017"]
[Source "ChessBase"]
[SourceDate "1990.08.01"]
[SourceVersion "1"]
[SourceVersionDate "1990.08.01"]
[SourceQuality "1"]

1. Nf3 Nf6 2. c4 c5 3. Nc3 e6 4. g3 b6 5. Bg2 Bb7 6. O-O a6 7. d4 cxd4 8. Qxd4
d6 9. Rd1 Be7 10. b3 Nbd7 11. e4 O-O {Mascarinas hat seine Hausaufgaben nicht
gemacht und begeht den bekannten Fehler 11...0-0. Besser sind die Züge 11...1/
4c7, 11...1/4b8, 11...1/4c8} (11... Qb8 12. Ba3 Nc5 13. e5 dxe5 14. Qxe5 Qa7 $5
$13 (14... Ncd7 $5 $10)) (11... Qc7 12. Ba3 (12. Bb2 O-O 13. Rac1 Rac8 14. h3
Qb8 $10 {Conquest,S-Levitt,J/London NWYM/1989/ -> CBM 9}) 12... Nc5 13. e5 dxe5
14. Qxe5 Rc8 (14... Qc8 $5 15. Na4 $5 Nxa4 $2 16. Bxe7 Kxe7 17. Qd6+) 15. Qxc7
Rxc7 16. Bc1 Nfe4 $10) (11... Qc8 $5 12. Bb2 (12. Ba3 $2 Nc5 13. e5 $2 Bxf3 $1
{Shneider,A-Wojtkiewicz,A/Stara Zagora zt-B/1990/0-1/ -> CBM 17}) 12... O-O 13.
Rac1 $10 Re8 {13...<<d8}) 12. Ba3 $1 Nc5 13. e5 $1 dxe5 14. Qxd8 Rfxd8 15. Nxe5
Bxg2 16. Kxg2 Bf8 (16... Bd6 17. Nc6 Rd7 18. Na4 $16 {Shahade,M-Klein,L/
Philadelphia/1989/}) (16... Rdc8 17. Na4 Rab8 18. Nxc5 bxc5 19. Bb2 Rb7 20. Rd3
Kf8 21. Rad1 Ke8 22. f4 $16) 17. Bxc5 $1 Bxc5 18. Na4 Ne4 19. Nxc5 bxc5 20. Nc6
Rxd1 21. Rxd1 Nc3 22. Rd2 Kf8 23. Kf3 Rc8 24. Ne5 f6 25. Nd3 Ke7 26. Rc2 Nb1
27. Ke3 g5 28. Rc1 Na3 29. Kd2 e5 30. Kc3 Kd6 31. Kb2 e4 32. Ne1 {Rest
unleserlich, nach 39 Zügen 1-0 [ Matthias Wahls ]} 1-0

[Event "Vienna op"]
[Site "Vienna"]
[Date "1990.??.??"]
[Round "2"]
[White "Wojtkiewicz, Aleksander"]
[Black "Felsberger, Alfred"]
[Result "1-0"]
[WhiteElo "2515"]
[BlackElo "2310"]
[Annotator "Wahls,M"]
[PlyCount "99"]
[EventDate "1990.10.??"]
[EventType "swiss"]
[EventRounds "9"]
[EventCountry "AUT"]
[SourceTitle "CBM 021"]
[Source "ChessBase"]
[SourceDate "1991.04.01"]
[SourceVersion "1"]
[SourceVersionDate "1991.04.01"]
[SourceQuality "1"]

1. Nf3 c5 2. c4 Nf6 3. g3 b6 4. Bg2 Bb7 5. O-O e6 6. Nc3 d6 7. Re1 Be7 8. e4 a6
9. d4 cxd4 10. Nxd4 Qc7 11. Be3 O-O 12. Rc1 Nbd7 13. f4 Rfe8 14. Bf2 Bf8 $6 (
14... Rac8 15. Qe2 h6 $5 16. e5 dxe5 17. fxe5 Nh7) 15. Qe2 g6 16. e5 Bxg2 17.
Kxg2 dxe5 18. fxe5 Nh5 {+/=/+/-  >< h5} 19. Nf3 Rac8 20. b3 Red8 21. Bd4 Bc5
22. Red1 Ng7 23. Bxc5 Nxc5 24. b4 Rxd1 25. Rxd1 Nd7 26. Ne4 Ne8 27. Nf2 a5 28.
a3 axb4 29. axb4 Nb8 30. Ng4 h5 31. Nf2 Nc6 32. Qb2 Qe7 33. Rb1 Ng7 34. Ne4 Nf5
35. Qc3 Na7 36. Kf2 Nb5 37. Qc1 Kg7 38. Nf6 Nfd4 39. Nxd4 Nxd4 40. Qg5 Rxc4 41.
Nxh5+ Kf8 42. Qh6+ Ke8 43. Nf6+ Kd8 44. Qh8+ Kc7 45. Ra1 Rc2+ 46. Kf1 Kc6 47.
Qc8+ Kb5 48. Qa6+ Kc6 49. Qa4+ Kc7 50. Qa7+ 1-0

[Event "Interzonal-15"]
[Site "Manila"]
[Date "1990.??.??"]
[Round "5"]
[White "Sunye Neto, Jaime"]
[Black "Hjartarson, Johann"]
[Result "0-1"]
[WhiteElo "2465"]
[BlackElo "2520"]
[Annotator "Wahls,M"]
[PlyCount "46"]
[EventDate "1990.06.29"]
[EventType "swiss"]
[EventRounds "13"]
[EventCountry "PHI"]
[SourceTitle "CBM 019"]
[Source "ChessBase"]
[SourceDate "1990.12.01"]
[SourceVersion "1"]
[SourceVersionDate "1990.12.01"]
[SourceQuality "1"]

1. c4 Nf6 2. Nc3 c5 3. g3 e6 4. Nf3 b6 5. Bg2 Bb7 6. O-O a6 7. Re1 d6 8. e4 Be7
9. d4 cxd4 10. Nxd4 Qc7 11. Bg5 O-O 12. Rc1 Nbd7 13. Bh3 {Die
Läuferaufstellung ist interessant, aber wenig wirkungsvoll.} Rfe8 14. b4 h6
15. Bf4 Bf8 16. Nd5 Qd8 17. a3 $2 (17. Nxf6+) 17... exd5 18. cxd5 Rxe4 19. Nc6
Rxe1+ 20. Qxe1 Qe8 21. Qd2 {'Wo habe ich nur meinen Springer gelassen?'} Ne5
22. Bg2 Rc8 23. Qd4 Nxc6 0-1

[Event "FRA-NED"]
[Site "Cannes"]
[Date "1990.??.??"]
[Round "6"]
[White "Piket, Jeroen"]
[Black "Prie, Eric"]
[Result "1/2-1/2"]
[WhiteElo "2495"]
[BlackElo "2435"]
[Annotator "Wahls,M"]
[PlyCount "112"]
[EventDate "1990.02.??"]
[EventType "schev"]
[EventRounds "10"]
[EventCountry "FRA"]
[SourceTitle "CBM 018"]
[Source "ChessBase"]
[SourceDate "1990.10.01"]
[SourceVersion "1"]
[SourceVersionDate "1990.10.01"]
[SourceQuality "1"]

1. Nf3 c5 2. c4 Nf6 3. Nc3 e6 4. g3 b6 5. Bg2 Bb7 6. O-O d6 7. d4 cxd4 8. Qxd4
a6 9. Be3 $5 Nbd7 10. Ng5 Bxg2 11. Kxg2 Rc8 $1 12. Nge4 Rc6 13. Nxf6+ Nxf6 14.
Rac1 Be7 15. Ne4 O-O $10 16. Rfd1 Qc7 (16... Qa8 $5 17. f3 Rfc8 $36) 17. b3 b5
$6 {Zu verpflichtend.Besser ist das vorbereitende 17...Tc8,nebst
gegebenenfalls Db7 und Se8.} 18. cxb5 axb5 19. Nxf6+ Bxf6 20. Qb4 Bb2 21. Rxc6
Qxc6+ 22. f3 d5 23. a4 $36 Rb8 24. Ba7 Rb7 25. Qc5 Qd7 26. Bb6 bxa4 27. bxa4
Ba3 28. Qxa3 Rxb6 29. a5 Ra6 30. Rb1 Qa7 31. Rb5 h5 $6 (31... h6) 32. Qc3 Kh7
33. Rc5 d4 34. Qxd4 Rxa5 35. Rxh5+ Kg6 36. Qg4+ Kf6 37. Rh7 Rg5 38. Qf4+ Rf5
39. Qd2 Qc5 40. Rh4 Rd5 41. Qb2+ e5 42. Rf4+ Ke6 43. Re4 Rd4 $4 44. Rxd4 $4
exd4 45. h4 f5 46. Qa2+ Kf6 47. Qa6+ Kf7 48. Qb7+ Kg8 49. Qb3+ Kh8 50. Qb8+ Kh7
51. Qf4 d3 52. exd3 Qc2+ 53. Kh3 Qxd3 54. h5 g5 $1 55. Qxg5 Qf1+ 56. Kh2 Qf2+
1/2-1/2

[Event "Ter Apel"]
[Site "Ter Apel"]
[Date "1990.02.13"]
[Round "2"]
[White "Pfleger, Helmut"]
[Black "Csom, Istvan"]
[Result "0-1"]
[WhiteElo "2505"]
[BlackElo "2505"]
[Annotator "Wahls,M"]
[PlyCount "102"]
[EventDate "1990.02.12"]
[EventType "tourn"]
[EventRounds "5"]
[EventCountry "NED"]
[EventCategory "10"]
[SourceTitle "CBM 017"]
[Source "ChessBase"]
[SourceDate "1990.08.01"]
[SourceVersion "1"]
[SourceVersionDate "1990.08.01"]
[SourceQuality "1"]

1. c4 c5 2. Nf3 b6 3. g3 Bb7 4. Bg2 Nf6 5. b3 e6 6. Bb2 Be7 7. O-O O-O 8. Nc3
d6 9. d4 cxd4 10. Nxd4 Bxg2 11. Kxg2 Qc7 12. Qd3 Qb7+ 13. Qf3 Qxf3+ 14. Kxf3
Rc8 15. Rfd1 a6 16. e4 Nbd7 17. h3 g6 18. Ke3 Rab8 19. f4 Nc5 20. Rac1 Rb7 21.
g4 h6 {Die Chancen in diesem Endspiel sind ungefähr ausgeglichen. Dem weißen
Raumvorteil stehen die schwarzen Hebelmöglichkeiten ...e6-e5 und ...b6-b5
gegenüber.} 22. Kf3 Nh7 23. Rc2 e5 24. fxe5 dxe5 25. Nde2 Ng5+ 26. Kg2 Ncxe4
27. Nxe4 Nxe4 28. Bxe5 Re8 29. Bf4 Bc5 30. Ng3 Nxg3 31. Kxg3 g5 32. Bc1 Rbe7
33. Kf3 Re6 34. Kg3 Kh7 35. Rf1 Kg6 36. Bb2 Re3+ 37. Rf3 Rxf3+ 38. Kxf3 Re3+
39. Kg2 f5 40. gxf5+ Kxf5 41. Rd2 Ke4 42. Bg7 h5 43. Rd5 Re2+ 44. Kf1 Rf2+ 45.
Ke1 Rxa2 46. Rxg5 h4 47. Kd1 Rh2 48. b4 Kd3 49. Rd5+ Kxc4 50. Rh5 Bf2 51. Bf8
Kd3 0-1